| 000 | 00907cam a2200217 4500 | ||
|---|---|---|---|
| 001 | WB3923-03 | ||
| 008 | 030618n2003 000 0 eng u | ||
| 035 | _a(Sirsi) u122657 | ||
| 245 | _aOccupiers hold key to empty offices | ||
| 260 | _c2003 | ||
| 490 |
_aEuroProperty _vJune 2003, 7(1) |
||
| 520 | _aJones Lang Lasalle (JLL) research figures show that a quarter of vacant office space is controlled by occupiers. London is the worse affected with tenants in the City and West End holding 65% and 60% of vacant space, followed by Moscow, Utrecht and Frankfurt. Much of this is due to cancelled or postponed speculative schemes. | ||
| 590 | _aWB | ||
| 650 | _aPROPERTY-COMMERCIAL PROPERTY-OFFICE PROPERTY-OFFICE PROPERTY MARKET | ||
| 650 | _aVACANT OFFICES | ||
| 650 | _aOFFICE OCCUPIERS | ||
| 650 | _aTENANTS | ||
| 650 | _aOFFICE SPACE | ||
| 690 | _aPROPERTY-COMMERCIAL PROPERTY | ||
| 942 | _n0 | ||
| 999 |
_c72883 _d72883 |
||